MARC

LEADER 00000nam0a2200000 4500
001 18467
005 20231030191307.0
010 |a 5401005857 
035 |a (RuTPU)RU\TPU\book\18617 
035 |a BOOK00000012 
090 |a 18467 
100 |a 20011209d1990 m y0rusy50 ca 
101 0 |a rus 
102 |a lv 
105 |a  z 00 zd 
200 1 |a Что за поворотом?  |e или 30 часов в компании интересных собеседников  |f А. С. Ольбик 
210 |a Рига  |c Авотс  |d 1990 
215 |a 228 с. 
600 1 |a Ельцин  |g Борис Николаевич  |c российский государственный и политический деятель  |f 1931-  |b Б. Н.  |c 1-й президент РФ  |2 stltpui  |3 (RuTPU)RU\TPU\pers\1064 
610 1 |a политика 
610 1 |a СССР 
610 1 |a Россия 
610 1 |a общественно-политическая жизнь 
610 1 |a социально-экономические отношения 
610 1 |a перестройка 
686 |a Ф3(2)6  |v LBC/SL-A  |2 rubbk 
700 1 |a Ольбик  |b А. С.  |g Александр Степанович 
801 0 |a RU  |b 63413507  |c 20011209  |g PSBO 
801 2 |a RU  |b 63413507  |c 20051011  |g PSBO 
942 |c BK